| 000 | 00605nam a2200217Ia 4500 | ||
|---|---|---|---|
| 003 | OSt | ||
| 005 | 20220926040116.0 | ||
| 006 | a|||||r|||| 00| 0 | ||
| 007 | ta | ||
| 008 | 220923b |||||||| |||| 00| 0 eng d | ||
| 037 | _cGeneral Book | ||
| 040 |
_aRTL _cRTL _beng |
||
| 041 |
_2eng _aeng |
||
| 082 | _aX.275.3K.N6t4, K2 | ||
| 100 |
_aMandal G C _9240463 |
||
| 245 | 0 |
_aKashipur, West Bengal 1956-60 _b A report on re-surv |
|
| 260 | _c1962 | ||
| 700 |
_a Sengupta S C _950479 |
||
| 942 |
_hX.275.3K.N6t4, K2 _cGB _2CC |
||
| 999 |
_c663891 _d663891 |
||